| 000 | 00717cab a2200229 4500 | ||
|---|---|---|---|
| 001 | WB2709-24 | ||
| 008 | 090401t1991 xxu||||| |||| 00| 0 eng d | ||
| 035 | _a(Sirsi) u21344 | ||
| 041 | _aeng | ||
| 245 | _aDamp housing tenants should sue | ||
| 260 | _c1991 | ||
| 300 | _aSee also WB2708-09 | ||
| 350 | _a0 | ||
| 490 |
_aScotsman _v26/2/91 p6 (2) |
||
| 520 | _aDoctors are advising patients living in damp council houses to sue following the successful award of damages to a widow of a council house tenant, where the damp conditions were said to be responsible for his death. | ||
| 650 | _aASTHMA | ||
| 650 | _aHEALTH | ||
| 650 | _aREHOUSING | ||
| 690 | _aHOUSING | ||
| 942 | _n0 | ||
| 948 | _c04/03/1997 | ||
| 999 |
_c14332 _d14332 |
||